| 000 | 01425nam2a2200313 4500 | ||
|---|---|---|---|
| 001 | RU\NLR\bibl\460703 | ||
| 005 | 20250623183937.0 | ||
| 021 |
_aRU _b2003-50089 _92419 |
||
| 035 | _a(NLR Aleph) 000454165 | ||
| 090 |
_a892833 _c892833 |
||
| 100 | _a20031117d2003 |||y0rusy50 ca | ||
| 101 | 0 | _arus | |
| 102 | _aRU | ||
| 105 | _ay ||||||||| | ||
| 200 | 1 | _aЧто нужно знать каждому: наше право на отпуск, способы защиты трудовых прав, мы и ЖКХ, наше здоровье | |
| 210 |
_d2003 _aБ. м. |
||
| 215 | _a46,[2] с. | ||
| 461 | 0 |
_1001RU\NLR\bibl\502705 _12001#$aВаш юрист$vВып. 1 _91139329 _aЯровая, И. А. (1966-) _c[Б. м. _d2003 _fИрина Яровая _nб. и.] _tВаш юрист _vВып. 1 |
|
| 606 | 0 |
_aОтпуска _xПравовые вопросы _yРоссийская Федерация _92178888 _3RU\NLR\auth\661310416 |
|
| 606 | 0 |
_aТрудовые права _xОхрана _yРоссийская Федерация _92281123 _3RU\NLR\auth\661366683 |
|
| 606 | 0 |
_aКоммунальные услуги _xПравовое регулирование _yРоссийская Федерация _92214204 _3RU\NLR\auth\661329971 |
|
| 686 | _aХ627 | ||
| 686 | _aХ627.221 | ||
| 686 | _aХ623.211.8 | ||
| 801 | 0 |
_aRU _bNLR _c20031117 _gPSBO |
|
| 801 | 1 |
_aRU _bNLR _c20031117 |
|
| 942 | _cBOOK | ||
| 980 | _aNB | ||